[Event "Stare Mesto op"]
[Site "Stare Mesto"]
[Date "2021.08.15"]
[Round "3"]
[White "Vaculik, Martin1"]
[Black "Shanel, Jaroslav"]
[Result "0-1"]
[WhiteElo "1862"]
[BlackElo "2135"]
[PlyCount "80"]
[EventDate "2021.08.13"]
[EventType "swiss"]
[EventRounds "9"]
[EventCountry "CZE"]
[SourceTitle "CBM 203 Extra"]
[Source "ChessBase"]
[SourceDate "2021.09.30"]
[SourceVersion "1"]
[SourceVersionDate "2021.09.30"]
[SourceQuality "1"]

1. Nf3 c5 2. b3 d5 3. e3 Nc6 4. Bb2 a6 5. c4 Nf6 6. cxd5 Nxd5 7. Be2 Bf5 8. 0-0 e6 9. d4 Ndb4 10. a3 Nd5 11. dxc5 Bxc5 12. b4 Bd6 13. Nc3 Nxc3 14. Bxc3 Qc7 15. Qb3 Be4 16. h3 Bd5 17. Qb2 e5 18. Rfd1 Be6 19. Rac1 f6 20. Nd2 0-0 21. Ne4 Rfd8 22. Be1 Bf8 23. Qc3 Rxd1 24. Rxd1 Rc8 25. Bc4 Nd8 26. Bxe6+ Nxe6 27. Qb3 Qc4 28. Nd2 Qc6 29. Nf3 b5 30. Qd5 Qxd5 31. Rxd5 Rc1 32. Kf1 Ra1 33. Rd7 Rxa3 34. Ra7 Nd8 35. Ra8 Nc6 36. Rc8 Ne7 37. Rc5 Kf7 38. Nh4 Ke6 39. e4 Kd7 40. Rc3 Rxc3 0-1

[Event "Bunratty Masters 27th"]
[Site "Bunratty"]
[Date "2020.02.23"]
[Round "6"]
[White "Astaneh Lopez, Alex"]
[Black "Shanel, Jaroslav"]
[Result "1-0"]
[WhiteElo "2441"]
[BlackElo "2138"]
[PlyCount "35"]
[EventDate "2020.02.21"]
[EventType "swiss"]
[EventRounds "6"]
[EventCountry "IRL"]
[SourceTitle "EXT 2023"]
[Source "ChessBase"]
[SourceDate "2022.10.05"]
[SourceVersion "1"]
[SourceVersionDate "2022.10.05"]
[SourceQuality "1"]

1. Nf3 d5 2. g3 c5 3. Bg2 Nf6 4. 0-0 e6 5. c4 dxc4 6. Na3 Nc6 7. Nxc4 Be7 8. b3 0-0 9. Bb2 Qc7 10. Rc1 Rd8 11. Qc2 b5 12. Nce5 Nb4 13. Qb1 Bb7 14. a3 Nc6 15. Nxf7 Kxf7 16. Ng5+ Ke8 17. Nxe6 Qd6 18. Nxc5 1-0

[Event "CZE-chT2E 1314"]
[Site "Czech Republic"]
[Date "2014.01.05"]
[Round "5.2"]
[White "Markovic, Ivan1"]
[Black "Shanel, Jaroslav"]
[Result "1-0"]
[WhiteElo "2112"]
[BlackElo "2157"]
[PlyCount "61"]
[EventDate "2013.11.03"]
[EventType "team-tourn"]
[EventRounds "11"]
[EventCountry "CZE"]
[SourceTitle "EXT 2016"]
[Source "ChessBase"]
[SourceDate "2015.10.08"]
[SourceVersion "1"]
[SourceVersionDate "2015.10.08"]
[SourceQuality "1"]
[WhiteTeam "Hustopece"]
[BlackTeam "Postoupky"]
[WhiteTeamCountry "CZE"]
[BlackTeamCountry "CZE"]

1. e4 e5 2. Nc3 d6 3. Nf3 Nf6 4. d4 exd4 5. Qxd4 Nc6 6. Bb5 Bd7 7. Bxc6 Bxc6 8. Bg5 Be7 9. 0-0 0-0 10. Rfe1 h6 11. Bh4 g5 12. Bg3 Nh5 13. Rad1 Nxg3 14. hxg3 Bf6 15. Qd3 Re8 16. Nd4 Bd7 17. Nd5 c6 18. Ne3 Be5 19. Ndf5 Bxf5 20. Nxf5 Qf6 21. c3 Rad8 22. Qf3 d5 23. exd5 cxd5 24. g4 Qb6 25. Re2 Qf6 26. Rde1 Kh7 27. g3 Re6 28. Kg2 Rd7 29. Rb1 Qh8 30. Nxh6 Rxh6 31. Qf5+ 1-0

[Event "Stare Mesto op"]
[Site "Stare Mesto"]
[Date "2013.08.16"]
[Round "9"]
[White "Shanel, Jaroslav"]
[Black "Holman, Radek"]
[Result "0-1"]
[WhiteElo "2158"]
[BlackElo "1911"]
[PlyCount "126"]
[EventDate "2013.08.09"]
[EventType "swiss"]
[EventRounds "10"]
[EventCountry "CZE"]
[SourceTitle "CBM 155 Extra"]
[Source "ChessBase"]
[SourceDate "2013.08.26"]
[SourceVersion "1"]
[SourceVersionDate "2013.08.26"]
[SourceQuality "1"]

1. e4 c6 2. Nf3 d5 3. exd5 cxd5 4. d4 Nf6 5. Bd3 Nc6 6. 0-0 Bg4 7. c3 e6 8. Nbd2 Bd6 9. Qb3 Qc7 10. Re1 0-0 11. h3 Bf5 12. Bxf5 exf5 13. Nf1 f4 14. Qb5 a6 15. Qd3 Ne4 16. Bd2 f5 17. c4 Qf7 18. c5 Bc7 19. b4 g5 20. N3h2 Qg7 21. f3 Nxd2 22. Qxd2 Rfe8 23. Rxe8+ Rxe8 24. Rd1 Qe7 25. a3 Qe2 26. Qxe2 Rxe2 27. Rd3 Bd8 28. Rd2 Rxd2 29. Nxd2 Nxd4 30. Kf2 Kf7 31. Nhf1 Nc2 32. Nb1 Bf6 33. Ke2 Bb2 34. Nfd2 Nxa3 35. Kd3 Nxb1 36. Nxb1 Be5 37. Nd2 Ke6 38. Nb3 Kd7 39. Na5 Kc7 40. Kc2 b6 41. Nb3 bxc5 42. Nxc5 Kc6 43. Kb3 Kb5 44. Nd3 Bf6 45. h4 h6 46. hxg5 hxg5 47. Nc5 Be7 48. Ne6 Bxb4 49. Nd4+ Kc5 50. Ne6+ Kd6 51. Nxg5 Bd2 52. Nf7+ Kc5 53. Nh6 d4 54. Nxf5 d3 55. g4 fxg3 56. Nxg3 Kd4 57. Ne4 Be1 58. Kb2 a5 59. Kc1 Ke3 60. Nc5 Ke2 61. Nb3 d2+ 62. Nxd2 Bxd2+ 63. Kc2 Bf4 0-1

[Event "CZE-chT2F 1213"]
[Site "Czech Republic"]
[Date "2013.03.03"]
[Round "10.31"]
[White "Mrazek, Lumir"]
[Black "Shanel, Jaroslav"]
[Result "1-0"]
[WhiteElo "2201"]
[BlackElo "2178"]
[PlyCount "79"]
[EventDate "2012.10.14"]
[EventType "team-tourn"]
[EventRounds "11"]
[EventCountry "CZE"]
[SourceTitle "EXT 2016"]
[Source "ChessBase"]
[SourceDate "2015.10.08"]
[SourceVersion "1"]
[SourceVersionDate "2015.10.08"]
[SourceQuality "1"]
[WhiteTeam "Orlova Slavia II"]
[BlackTeam "Postoupky"]
[WhiteTeamCountry "CZE"]
[BlackTeamCountry "CZE"]

1. e4 c5 2. Nc3 Nc6 3. f4 e6 4. Nf3 g6 5. Bb5 Nge7 6. e5 Bg7 7. Ne4 0-0 8. Bxc6 Nxc6 9. 0-0 b6 10. d3 d5 11. Ng3 Bb7 12. Ng5 Qe7 13. Qg4 Nd4 14. c3 Nf5 15. Nxf5 exf5 16. Qh3 h6 17. Nf3 d4 18. cxd4 Rad8 19. Be3 cxd4 20. Bf2 Qb4 21. Rae1 Qxb2 22. e6 Rc8 23. exf7+ Rxf7 24. Re6 Rc1 25. Rxg6 Rxf1+ 26. Kxf1 Qc1+ 27. Be1 Qxf4 28. Bd2 Qc7 29. Nxd4 Qe5 30. Ne6 Bd5 31. Nxg7 Rxg7 32. Qxh6 Bxa2 33. Rc6 Bd5 34. Bc3 Bxg2+ 35. Kf2 Bxc6 36. Bxe5 Rg2+ 37. Ke3 Bd7 38. Qh8+ Kf7 39. Qf6+ Kg8 40. Qd8+ 1-0

[Event "CZE-chT1E 1213"]
[Site "Czech Republic"]
[Date "2013.01.13"]
[Round "5.5"]
[White "Kulovana, Eva"]
[Black "Shanel, Jaroslav"]
[Result "1-0"]
[WhiteElo "2251"]
[BlackElo "2178"]
[PlyCount "41"]
[EventDate "2012.10.21"]
[EventType "team-tourn"]
[EventRounds "11"]
[EventCountry "CZE"]
[SourceTitle "EXT 2014"]
[Source "ChessBase"]
[SourceDate "2013.11.20"]
[SourceVersion "1"]
[SourceVersionDate "2013.11.20"]
[SourceQuality "1"]
[WhiteTeam "Trebic Caissa"]
[BlackTeam "Stare Mesto"]
[WhiteTeamCountry "CZE"]
[BlackTeamCountry "CZE"]

1. e4 e5 2. Nf3 Nc6 3. Bb5 d6 4. d4 exd4 5. Nxd4 Bd7 6. Bxc6 bxc6 7. 0-0 Nf6 8. Qf3 Be7 9. e5 dxe5 10. Nxc6 Bxc6 11. Qxc6+ Kf8 12. Nc3 Rb8 13. Rd1 Qc8 14. Be3 Qb7 15. Qc4 Bd6 16. b3 h6 17. Bc5 Ke7 18. Nd5+ Nxd5 19. Rxd5 f6 20. f4 exf4 21. Re1+ 1-0

[Event "CZE-chT1E 1213"]
[Site "Czech Republic"]
[Date "2012.11.10"]
[Round "3.6"]
[White "Shanel, Jaroslav"]
[Black "Koutny, Petr"]
[Result "1-0"]
[WhiteElo "2178"]
[BlackElo "2175"]
[PlyCount "177"]
[EventDate "2012.10.21"]
[EventType "team-tourn"]
[EventRounds "11"]
[EventCountry "CZE"]
[SourceTitle "EXT 2014"]
[Source "ChessBase"]
[SourceDate "2013.11.20"]
[SourceVersion "1"]
[SourceVersionDate "2013.11.20"]
[SourceQuality "1"]
[WhiteTeam "Stare Mesto"]
[BlackTeam "Zlin"]
[WhiteTeamCountry "CZE"]
[BlackTeamCountry "CZE"]

1. e4 c5 2. c3 d6 3. Nf3 Nf6 4. d3 g6 5. g3 Bg7 6. Bg2 0-0 7. 0-0 Nc6 8. Nbd2 Qc7 9. Nh4 b5 10. f4 b4 11. Nc4 bxc3 12. bxc3 Rb8 13. h3 Nh5 14. Bd2 Nxg3 15. Re1 Bf6 16. Nf3 Ba6 17. Kh2 Nh5 18. Qe2 Bxc4 19. dxc4 e5 20. f5 Nf4 21. Bf1 Kh8 22. Rab1 gxf5 23. exf5 Nh5 24. Qe4 Rxb1 25. Rxb1 Rg8 26. Bd3 Bd8 27. Rg1 Rxg1 28. Kxg1 Nf6 29. Qh4 Qe7 30. Bg5 e4 31. Bxe4 Ne5 32. Nh2 Ned7 33. Bc6 Ne5 34. Bd5 a6 35. Kf1 Kg8 36. Bh6 Kh8 37. Bg5 Kg8 38. Qf4 Kh8 39. Ng4 Nexg4 40. hxg4 Kg8 41. Bf3 Ba5 42. Qd2 Qe5 43. Bf4 Qxc3 44. Qxc3 Bxc3 45. Bxd6 Bd4 46. Ke2 Nd7 47. Bd5 Kg7 48. Bb7 a5 49. Bc7 Ne5 50. Ba6 a4 51. g5 f6 52. Bd8 Nc6 53. gxf6+ Bxf6 54. Bb6 Be7 55. Bb5 Nd4+ 56. Kd3 a3 57. Ba4 h5 58. Bc7 Kf6 59. Ke4 Kf7 60. Bf4 h4 61. Bd1 Nc6 62. Bh5+ Kg7 63. Bg4 Nb4 64. Bc1 Nxa2 65. Bxa3 Nb4 66. Bc1 Kf6 67. Bh3 Bd6 68. Bb2+ Kf7 69. Bg4 Bf8 70. Bh5+ Ke7 71. Be5 Kd8 72. Bg4 Nc6 73. Bf4 Nd4 74. Bg5+ Kd7 75. Bxh4 Ke8 76. Kd5 Kf7 77. Bf2 Kf6 78. Bxd4+ cxd4 79. Kxd4 Ke7 80. Kd5 Bh6 81. Kc6 Bf4 82. c5 Be5 83. Kb7 Kd8 84. c6 Bd6 85. f6 Ke8 86. Be6 Kd8 87. f7 Ke7 88. c7 Bxc7 89. Kxc7 1-0

[Event "CZE-chT2E 1112"]
[Site "Czech Republic"]
[Date "2012.02.05"]
[Round "7.2"]
[White "Shanel, Jaroslav"]
[Black "Mayer, Josef"]
[Result "1-0"]
[WhiteElo "2167"]
[BlackElo "2102"]
[PlyCount "66"]
[EventDate "2011.10.09"]
[EventType "team-tourn"]
[EventRounds "11"]
[EventCountry "CZE"]
[SourceTitle "EXT 2013"]
[Source "ChessBase"]
[SourceDate "2012.11.22"]
[SourceVersion "1"]
[SourceVersionDate "2012.11.22"]
[SourceQuality "1"]
[WhiteTeam "Stare Mesto II"]
[BlackTeam "Prusanky Podluzan"]
[WhiteTeamCountry "CZE"]
[BlackTeamCountry "CZE"]

1. e4 g6 2. d4 Bg7 3. Nf3 d6 4. h3 Nf6 5. Nc3 0-0 6. Be3 a6 7. a4 b6 8. Be2 Bb7 9. d5 c6 10. Qd2 b5 11. dxc6 Bxc6 12. axb5 axb5 13. Rxa8 Bxa8 14. Bxb5 Nxe4 15. Nxe4 Bxe4 16. 0-0 Bxf3 17. gxf3 Qc8 18. Kg2 Bxb2 19. Bg5 f6 20. Bh6 Rd8 21. c4 Be5 22. f4 Kf7 23. fxe5 dxe5 24. Qe2 Rd4 25. Be3 Rh4 26. Qf3 e4 27. Qg3 Rh5 28. c5 Nc6 29. Bxc6 Qxc6 30. Ra1 e5 31. Ra7+ Ke6 32. Qg4+ f5 33. Qe2 Qd5 1-0

[Event "Stare Mesto op"]
[Site "Stare Mesto"]
[Date "2011.08.20"]
[Round "10"]
[White "Shanel, Jaroslav"]
[Black "Novak, Jiri1"]
[Result "1-0"]
[WhiteElo "2190"]
[BlackElo "1679"]
[PlyCount "95"]
[EventDate "2011.08.12"]
[EventType "swiss"]
[EventRounds "10"]
[EventCountry "CZE"]
[SourceTitle "CBM 143 Extra"]
[Source "ChessBase"]
[SourceDate "2011.08.29"]
[SourceVersion "1"]
[SourceVersionDate "2011.08.29"]
[SourceQuality "1"]

1. e4 e5 2. Nf3 Nc6 3. Nc3 d6 4. d4 exd4 5. Nxd4 Bd7 6. Bc4 Nxd4 7. Qxd4 Qf6 8. Qe3 c6 9. Bd2 g6 10. Ne2 Bh6 11. f4 Qe7 12. Qd4 f6 13. 0-0-0 c5 14. Qd3 0-0-0 15. Nc3 Bc6 16. Bxg8 Rhxg8 17. Qh3+ f5 18. Qxh6 fxe4 19. Be1 Qf7 20. Bh4 Rd7 21. Qg5 Rf8 22. Nd5 h6 23. Ne7+ Kc7 24. Qxh6 Re8 25. Nxc6 Qxa2 26. Ne7 Rexe7 27. Bxe7 e3 28. Bxd6+ Kc6 29. c3 Qa1+ 30. Kc2 Qa4+ 31. Kd3 Rxd6+ 32. Kxe3 Re6+ 33. Kf3 Qe4+ 34. Kg3 g5 35. Qxg5 Rg6 36. Rhe1 Qc2 37. Re6+ Rxe6 38. Qd5+ Kb5 39. Qd3+ Qxd3+ 40. Rxd3 a5 41. f5 Rf6 42. Kf4 Kc4 43. Rd2 b5 44. g4 b4 45. cxb4 cxb4 46. g5 Rf8 47. g6 Rg8 48. Kg5 1-0